Daily Capital City Riddle #144 - Statistics

General Stats
  • This quiz has been taken 30 times
  • The average score is 28 of 33
Answer Stats
Type Answer % Correct
Found Letter A
100%
Found Letter I
100%
Found Letter N
100%
Alphabet Letter O
100%
Correctly Placed Letter A
96%
Alphabet Letter B
96%
Alphabet Letter L
96%
Alphabet Letter M
96%
Alphabet Letter R
96%
Alphabet Letter T
96%
Found Letter E
92%
Alphabet Letter G
92%
Alphabet Letter S
92%
Alphabet Letter U
92%
Alphabet Letter C
88%
Alphabet Letter D
88%
Alphabet Letter H
88%
Alphabet Letter W
88%
Correctly Placed Letter I
83%
Correctly Placed Letter N
83%
Alphabet Letter P
83%
Alphabet Letter K
79%
Alphabet Letter J
75%
Found Letter V
75%
Alphabet Letter Y
75%
Alphabet Letter X
71%
Alphabet Letter Z
71%
Correctly Placed Letter E
67%
Alphabet Letter F
67%
Correctly Placed Letter N
67%
Alphabet Letter Q
67%
Correctly Placed Letter V
67%
Mystery Capital Vienna
67%
No matching quizzes found
Score Distribution
Percent of People with Each Score
Percentile by Number Answered
Your Score History
You have not taken this quiz